MDQL
is popping MORE tags! Check the
thread
!
Quizzes
Events
Quiz Creation
Community
Videos
Private Events
Remove Ads
Sign In
Join for FREE
Feedback
Dark Mode
Quiz Categories
Sports
Geography
Music
Movies
Television
Just For Fun
Miscellaneous
History
Literature
Language
Science
Gaming
Entertainment
Religion
Holiday
For Kids
Quiz Lab
Recent
Popular Today
Quiz Kudos Today
Editor Picks
Curator Picks
Quizzes by...
Day
Popularity
Type
Ratings
Length
Year
Community
Subscriptions
Recent Discussions
Orange Saloon
Badges
Playlists
Quests
Create
Leaderboards
Showdown
Live 5
Trivia Bingo
Activity
Puzzle Library
Sporcle Events
Private Events
Virtual Trivia
Globe League
Become a Host
Pub Owners
SporcleCon
Opinionation
Our Games
Videos
Blog
Mobile Apps
Partnerships
Remove Ads and Go Orange
Feedback
Miscellaneous
Crossword
General Knowledge
Baby Names
Logo
Food
Cars
Numbers
Grab Bag
University
College
Popular
Company
Slogans
Restaurants
Justice
Letter
Miscellaneous
Crossword
General Knowledge
Baby Names
Logo
Food
Cars
Numbers
Grab Bag
University
College
Popular
Company
Slogans
Restaurants
Justice
Letter
Random Quiz
Search Sporcle
×
Quiz Lab
Quiz Lab
Miscellaneous
Country
Type in answers that appear in a list
Type in answers that appear in a list
Classic
Best Score? Go Orange.
100 Things To See Before You Die Stats
Can you name the 100 Things To See Before You Die?
By
ConorONeill
14m
100 Questions
382 Plays
382 Plays
382 Plays
Comments
Comments
Give Quiz Kudos
Give Quiz Kudos
-
- Ratings
hide this ad
More Info
Replay
Link that replays current quiz
Next Quiz
Link to next quiz in quiz playlist
You Got
0%
They Got
Avg Score
21%
Avg Friend Score
Upgrade to see
Score Distribution
Jump to the score distribution portion of the page
Score
0/100
Timer
14:00
0
Plays Today
Rank
Wonder
% Correct
1
Pyramids of Giza
93.7%
2
Great Wall of China
93.2%
3
Taj Mahal
81.2%
6
Grand Canyon
62%
86
Eiffel Tower
60.5%
48
Mount Everest
50.3%
15
Victoria Falls
43.5%
31
Colosseum
40.3%
7
Machu Picchu
40.1%
13
Great Barrier Reef
39%
74
Leaning Tower of Pisa
34.8%
88
Niagara Falls
34.8%
28
Nile RIver Cruise
34.6%
33
St Peter's Basilica
34.6%
79
Stonehenge
34.3%
22
Acropolis
33.8%
38
Sistine Chapel
33.2%
14
Angkor Wat
30.9%
24
Jerusalem Old City
30.6%
80
Angel Falls
30.4%
93
Ayers Rock
30.4%
8
Antarctic Cruise
30.1%
73
Sahara Desert
29.6%
41
The Louvre
29.3%
27
Petra
28.3%
45
Mecca
28.3%
11
Amazon Rainforest
27.2%
29
Easter Island
27.2%
16
Forbidden City
27%
26
Chichen Itza
27%
84
New York Skyline
26.4%
4
Serengeti Migration
26.2%
5
Galapagos Islands
26.2%
69
The Kremlin
25.9%
Rank
Wonder
% Correct
53
Prague Old Town
23.6%
68
Views of Florence
23.3%
81
Yellowstone National Park
23.3%
62
Views of Rio de Janeiro
23%
78
Carnival of Rio de Janeiro
23%
10
Bali
22%
42
Canals of Venice
22%
9
Iguazu Falls
21.5%
50
Hagia Sofia
21.5%
32
The Fjords
20.7%
37
Hong Kong
20.4%
43
Palace of Versailles
20.4%
25
TerraCotta Warriors
19.9%
65
St Basil's Cathedral
19.4%
39
Burj Khalifa
18.3%
92
Yosemite National Park
18.3%
40
Alhambra
17.8%
51
Pompeii
16.8%
96
Lijang
16.2%
70
The Ganges River
16%
60
Dubrovnik
15.4%
83
Matterhorn
15.4%
94
Hermitage Museum
13.9%
36
Valley of the Kings
13.1%
46
Kathmandu Valley
13.1%
54
Golden Temple
13.1%
21
Bora Bora
12.8%
90
Burj al Arab
12.8%
18
Karnak Temple
12.6%
91
Yangtze River Cruise
12.6%
59
Damascus Old City
12.3%
82
Santorini
12%
12
Ngorongoro Crater
11.5%
55
Amalfi Drive
11%
Rank
Wonder
% Correct
89
British Natural History Museum
11%
17
Bagan
10.5%
19
Teotihuacan
10.5%
47
Metropolitan Museum of Art
10.5%
52
Kashmir Valley
10.2%
66
Abu Simbel
10.2%
71
Li River Cruise
10.2%
34
The Egyptian Museum
9.9%
67
St Mark's Basilica
9.7%
98
Banff National Park
9.7%
76
Mont St Michel
9.4%
85
Marrakesh
9.4%
30
Cappadocia
8.6%
23
Potala Palace
8.4%
61
Uffizi Gallery
8.4%
97
Neuschwanstein
8.4%
35
Borobudur
8.1%
58
Mezquita Cordoba
7.9%
20
Banaue Rice Terraces
7.6%
77
Topkapi Palace
7.6%
63
Golden Pavilion
7.3%
49
Temple of the Emerald Buddha
7.1%
64
Delphi
6.8%
100
Portofino
6.8%
57
Chartres Cathedral
6.5%
75
Baalbek
6.3%
99
San Fransisco
6%
44
Carlsbad Caverns
3.4%
95
Chambord Chateau
3.4%
72
Schwedagon Pagoda
2.6%
87
Ladakh
1.8%
56
Meenakshi Goparums
1.3%
Quiz Playlist
Details
Report
Send in Message
Add To Playlist
More Info:
Answers are just cities, rivers, continents, deserts, geographical features, old architecture and new architecture.
Classic:
Type in answers that appear in a list
Last Updated: Feb 16, 2017
Quiz Scoreboard
CHALLENGE
Sign Up to Join the Scoreboard
Show All
Scores
Hide
Comments
May contain spoilers
Recently Published
Find the 'City' Movie
by crazypaving
Movies
60s
5x2 Blitz: Bands
by SL_Kpop136
Music
30s
Colored Red Africa Blitz
by spor1
Geography
30s
More to Explore
Quiz From the Vault
Featured Blog Post
14 Easter Pick-up Lines to Find Eggs With
hide this ad
You Might Also Like...
Tags
Country Quiz
100
before
death
Heritage List
National Geography
Wonder
Wonders of the World
Today's Top Quizzes in Miscellaneous
Browse Miscellaneous
hide this ad
Today's Top Quizzes in Country
Browse Country
Top Contributed Quizzes in Miscellaneous
1
The JOE quick-fire general knowledge quiz: Day 174
2
5-to-1: Fast Food
3
9x9 Crossword: Disney Movie Titles
4
9x9 Crossword: Charlie and the Chocolate Factory
5
9x9 Crossword: Actors
6
9x9 Crossword: 2022 Movies
7
9x9 Crossword: The Simpsons
8
9x9 Crossword: Pixar Movie Titles
9
The JOE quick-fire general knowledge quiz: Day 173
10
9x9 Crossword: Flags
Explore More
Trending Topics
Marvel
Harry Potter
Disney
Kpop
Anime
NBA
Crossword
Country
Puzzle
Song
Pokémon
Soccer
WWE
The Office
NFL
hide this ad
More By:
ConorONeill
Quiz
Plays
Rating
Category
Featured
Created
Celtic F.C Managers
3,514
4.00
Sports
Oct 2, 2009
World's 10 Most Prolific Serial Killers
2,021
2.57
History
Apr 13, 2010
Celtic F.C First Team (09-10)
1,719
4.00
Sports
Oct 22, 2009
Formula 1 retirements 09 season
1,413
1.57
Sports
Nov 1, 2009
Formula 1 Deaths
1,089
5.00
Sports
Mar 25, 2019
Go to Creator's Profile
Score Distribution
Quiz Creator Spotlight
ConorONeill
Follow
Send a Message
Quizzes Created
-
Created Quiz Play Count
-
More By This Creator
Popular Quizzes Today
1
Colored Red Africa Blitz
2
Find the 'City' Movie
3
Find the US States - No Outlines Minefield
4
5x2 Blitz: Bands
5
The Countries of the World
6
Find the US States
7
US States
8
Find the Countries of Europe - No Outlines Minefield
More Miscellaneous Quizzes
Sunday Crossword: Cross Words
Published
Trending Quizzes
Colored Red Europe Blitz I
Colored Red Europe Blitz II
Colored Red Africa Blitz II
Colored Red Europe Blitz III
Colored Red Africa Blitz III
Recently Updated
How Do You Spell That?
pecheneg
Godzilla Movies
pecheneg
Grab Bag: 4-10 Letters
pecheneg
2024 March Madness Bracket
pecheneg
Famous TV Couples
Peacemaker
Champions League XIs: Real Madrid
pecheneg
Largest US Cities 1790-2010
pecheneg
Rides in Walt Disney World
pecheneg
Most Oscar Losses (Acting)
pecheneg
Beyoncé Albums
pecheneg
Trending Topics
Kpop
Crossword
Marvel
Harry Potter
Anime
Disney
NBA
Soccer
Pokémon
The Office
NFL
Song
Puzzle
Country
WWE
Your Account Isn't Verified!
In order to create a playlist on Sporcle, you need to verify the email address you used during registration. Go to your
Sporcle Settings
to finish the process.
Report this User
Report this user for behavior that violates our
Community Guidelines
.
Details:
Send Report
Go to the Sporcle.com Mobile Site →
Comments